000 00500nam a2200169 4500
001 118045
003 ES-MaACL
005 20230906191023.0
007 t|
008 070214s1921 sp r ||||1| spa d
100 1 _aPereyra, Carlos,
_d1871-1942
_990541
245 1 3 _aLa tercera internacional
_b: doctrinas y controversias /
_cCarlos Pereyra.
260 _aMadrid :
_bSucesores de Rivadaneyra,
_c1921.
300 _a262 p. ;
_c19 cm.
852 _aES-MaACL
_jF-7216
999 _c118045
_d118045